Expedici zrychlují moderní technologie

Využívanie informačných technológií v logistických službách a znižovanie nákladov a zvyšovanie efektivity. Sledovanie pohybu manipulačnej techniky, materiálu či osôb. IT produkty typu EDI komunikácie, RFID expedičné brány, cloudové riešenia, big data a iné. Pojem 3PL (Third Party Logistics). Zdieľan...

Descripción completa

Guardado en:
Detalles Bibliográficos
Autor principal: Kotora, Bohumír
Formato: Capítulo de libro
Lenguaje:checo
Materias:
Etiquetas: Agregar Etiqueta
Sin Etiquetas, Sea el primero en etiquetar este registro!

MARC

LEADER 00000naa a2200000 4500
001 0246594
005 20180725104851.2
041 0 |a cze 
044 |a CZ 
245 1 0 |a Expedici zrychlují moderní technologie  |c Bohumír Kotora 
520 |a Využívanie informačných technológií v logistických službách a znižovanie nákladov a zvyšovanie efektivity. Sledovanie pohybu manipulačnej techniky, materiálu či osôb. IT produkty typu EDI komunikácie, RFID expedičné brány, cloudové riešenia, big data a iné. Pojem 3PL (Third Party Logistics). Zdieľanie ako úspora. Bezpečnosť dát. 
610 2 0 |a logistika 
610 2 0 |a služby logistické 
610 2 0 |a distribúcia 
610 2 0 |a manipulácia s materiálom 
610 2 0 |a manipulácia s tovarom 
610 2 0 |a skladovanie 
610 2 0 |a efektívnosť 
610 2 0 |a bezpečnosť 
610 2 0 |a automatizácia 
610 2 0 |a technológie informačné 
610 2 0 |a systémy informačné 
100 1 |a Kotora, Bohumír